• 首页
  • 本馆介绍
  • 公告通知
  • 最新文献
  • 馆藏检索
  • 电子资源
  • 读者导购
  • 参考咨询
  • 我的图书馆
  • 登录
  • 详细信息显示
  • 放入我的书架
  • 预约/预借图书
  • 作者相关作品
  • 分类相关作品
  • 丛书相关作品
  • 出版社相关作品

书目信息

  • 表格格式
  • 工作单格式
  • 卡片格式
题名:
生物质科学与工程
    
 
作者: 陈洪章 编著
分册:  
出版信息: 北京   化学工业出版社  2008
页数: 227页
开本: 26cm
丛书名:
单 册:
中图分类: TK6
科图分类:
主题词: 生物能源
电子资源:
ISBN: 978-7-122-02215-8
000 01055nam0 2200265 45
001 1356828843
005 20130514160504.60
010    @a978-7-122-02215-8@dCNY48.00
100    @a20130108d2008 em y0chiy50 ea
101 0  @achi
102    @aCN@b110000
105    @aa z 000yy
106    @ar
200 1  @a生物质科学与工程@ASheng Wu Zhi Ke Xue Yu Gong Cheng@f陈洪章编著@FChen Hong Zhang Bian Zhu
210    @a北京@c化学工业出版社@d2008
215    @a227页@c图@d26cm
312    @a英文题名取自封面:Biomass science and engineering
320    @a有书目
330    @a本书首先根据国内外相关领域进展和作者自己研究实践, 归纳提出生物质利用共性问题 ; 依次提出由生物质原料工程学、生物质转化过程工程学、生物质产品工程三部分组成的生物质科学与工程学的框架 ; 再次根据上述思路, 举例阐明木质纤维素、动物废弃物和人畜粪尿资源化生态产业链模式的开发现状。
510 1  @aBiomass science and engineering@zeng
606 0  @a生物能源
690    @aTK6@v5
701  0 @a陈洪章@AChen Hong Zhang@4编著
801    @aCN@bTANGWEI@c20130108
905    @b0830151-55@dTK6@e115@f5
    
    生物质科学与工程/陈洪章编著.-北京:化学工业出版社,2008
    227页:图;26cm
    
    
    ISBN 978-7-122-02215-8:CNY48.00
    本书首先根据国内外相关领域进展和作者自己研究实践, 归纳提出生物质利用共性问题 ; 依次提出由生物质原料工程学、生物质转化过程工程学、生物质产品工程三部分组成的生物质科学与工程学的框架 ; 再次根据上述思路, 举例阐明木质纤维素、动物废弃物和人畜粪尿资源化生态产业链模式的开发现状。
●
相关链接 在E读中查询图书 在五车中查询图书 在当当中查询图书 在豆瓣中查询图书


正题名:生物质科学与工程     索取号:TK6/115         预约/预借

序号 登录号 条形码 馆藏地/架位号 状态 备注
1 0830151   208301513   第二样本阅览室/ [索取号:TK6/115] 在馆    
2 0830152   208301522   第三借阅区/ [索取号:TK6/115] 在馆    
3 0830153   208301531   第三借阅区/ [索取号:TK6/115] 在馆    
4 0830154   208301540   第三借阅区/ [索取号:TK6/115] 在馆    
5 0830155   208301559   第三借阅区/ [索取号:TK6/115] 在馆    
唐山师范学院图书馆 欢迎您!
大连网信软件有限公司© 版权所有